000 00293nam a22001337a 4500
003 SGT
082 _a615.53
_bT14A
100 _aANGADI, RAVINDRA
245 _aA TEXT BOOK OF RASASASTRA
260 _aVARANASI
_bCHAUKHAMBHA PUB
_c2014
300 _a702
650 _aAYURVEDA
942 _2ddc
_cBK
_03
999 _c8745
_d8745